| 000 | 00906nam a2200277Ia 4500 | ||
|---|---|---|---|
| 003 | OSt | ||
| 005 | 20221002043955.0 | ||
| 006 | a|||||r|||| 00| 0 | ||
| 007 | ta | ||
| 008 | 220930b |||||||| |||| 00| 0 eng d | ||
| 020 |
_a8173043213 (hbk) _c2500 |
||
| 024 | _a116202 | ||
| 037 |
_b264, 27/03/2012, University Book House _cReference Collections |
||
| 040 |
_aCRL _cCRL _beng |
||
| 041 |
_2eng _aeng |
||
| 082 | _aV2:71.N9, P2.3(RR) | ||
| 100 | _aSettar S Ed. | ||
| 245 | 0 | _aArchaeology and interactive disciplines | |
| 260 |
_aNew Delhi _bManohar Publisher India _c2002 |
||
| 300 |
_axviii,505p. _ccm. |
||
| 500 | _aIndian archaelolgy in resrestrspect; 3 | ||
| 650 | _aHISTORY | ||
| 700 | _a Korisettar Ravi Ed. | ||
| 942 |
_hV2:71.N9, P2.3(RR) _cref _2CC |
||
| 999 |
_c909308 _d909308 |
||